Quizzes
Events
Quiz Creation
Community
Videos
Private Events
Remove Ads
Sign In
Join for FREE
Feedback
Dark Mode
Quiz Categories
Sports
Geography
Music
Movies
Television
Just For Fun
Miscellaneous
History
Literature
Language
Science
Gaming
Entertainment
Religion
Holiday
For Kids
Quiz Lab
Recent
Popular Today
Quiz Kudos Today
Editor Picks
Curator Picks
Quizzes by...
Day
Popularity
Type
Ratings
Length
Year
Community
Subscriptions
Recent Discussions
Orange Saloon
Badges
Playlists
Quests
Create
Leaderboards
Showdown
Live 5
Trivia Bingo
Activity
Puzzle Library
Sporcle Events
Private Events
Virtual Trivia
Globe League
Become a Host
Pub Owners
SporcleCon
Opinionation
Our Games
Videos
Blog
Mobile Apps
Partnerships
Remove Ads and Go Orange
Feedback
Gaming
Video Games
Board Games
Card Games
Pokémon
Mario
Nintendo
Minecraft
Console
Toys
Legend of Zelda
Gaming
Video Games
Board Games
Card Games
Pokémon
Mario
Nintendo
Minecraft
Console
Toys
Legend of Zelda
Random Quiz
Search Sporcle
×
Quiz Lab
Quiz Lab
Gaming
Numbers
Type in answers that appear in a list
Type in answers that appear in a list
Classic
Best Score? Go Orange.
Pokemon TM/HM Moves Stats
Can you name the Pokemon TM/HM Moves?
By
nebzinger
10m
55 Questions
802 Plays
802 Plays
802 Plays
Comments
Comments
Give Quiz Kudos
Give Quiz Kudos
-
- Ratings
hide this ad
Replay
Link that replays current quiz
Next Quiz
Link to next quiz in quiz playlist
You Got
0%
They Got
Avg Score
61%
Avg Friend Score
Upgrade to see
Score Distribution
Jump to the score distribution portion of the page
Score
0/55
Timer
10:00
0
Plays Today
TM/HM Number
Move
% Correct
HM 03
Surf
94%
HM 01
Cut
93.3%
HM 02
Fly
92.4%
TM 25
Thunder
89.5%
HM 04
Strength
89.3%
HM 05
Flash
87.8%
TM 24
Thunderbolt
86.4%
TM 13
Ice Beam
83.9%
TM 38
Fire Blast
83.9%
TM 29
Psychic
80.4%
TM 14
Blizzard
79.4%
TM 26
Earthquake
79.1%
TM 28
Dig
76.1%
TM 01
Mega Punch
75.4%
TM 11
Bubblebeam
74.1%
TM 06
Toxic
73.8%
TM 22
Solar Beam
73.8%
TM 15
Hyper Beam
71.8%
TM 05
Mega Kick
71.4%
TM 45
Thunder Wave
67.8%
TM 21
Mega Drain
66.1%
TM 12
Water Gun
63.1%
TM 48
Rock Slide
62.5%
TM 27
Fissure
62.2%
TM 34
Bide
62.2%
TM 44
Rest
57.9%
TM 08
Body Slam
57.4%
TM 23
Dragon Rage
57.4%
TM/HM Number
Move
% Correct
TM 46
Psywave
56.4%
TM 42
Dream Eater
53.7%
TM 33
Reflect
53.4%
TM 03
Sword's Dance
52.7%
TM 07
Horn Drill
52.5%
TM 43
Sky Attack
52.4%
TM 19
Seismic Toss
51.1%
TM 32
Double Team
50.5%
TM 47
Explosion
49.8%
TM 09
Take Down
49.6%
TM 36
Self Destruct
49%
TM 35
Metronome
48.4%
TM 04
Whirlwind
48.3%
TM 02
Razor Wind
48.1%
TM 10
Double Edge
48%
TM 41
Soft Boiled
47.3%
TM 49
Tri Attack
46.9%
TM 17
Submission
45.9%
TM 30
Teleport
45.6%
TM 18
Counter
44.3%
TM 40
Skull Bash
44.3%
TM 37
Egg Bomb
44.1%
TM 20
Rage
43.9%
TM 50
Substitute
43.1%
TM 39
Swift
42.6%
TM 16
Pay Day
40.5%
TM 31
Mimic
37.4%
Quiz Playlist
Details
Report
Send in Message
Add To Playlist
Classic:
Type in answers that appear in a list
Quiz Source
Last Updated: Feb 16, 2017
Quiz Scoreboard
CHALLENGE
Sign Up to Join the Scoreboard
Show All
Scores
Hide
Comments
May contain spoilers
Recently Published
Popular People in 1961
by mucciniale
History
6m
1-10 Letter E Words III
by El_Dandy
Language
2m
One Thing in Common: World Cities II
by knightlancer
Geography
7m
More to Explore
Quiz From the Vault
Featured Blog Post
Where Did the Easter Bunny Come From?
hide this ad
You Might Also Like...
Tags
Numbers Quiz
Pokémon Quiz
Today's Top Quizzes in Gaming
Browse Gaming
hide this ad
Today's Top Quizzes in Numbers
Browse Numbers
Top Contributed Quizzes in Gaming
1
Destiny 2 exotic weapons by perk icons
2
Who's on the WWE 2K24 Cover?
3
Windmill: Pokémon
4
Overwatch 2 Heroes by Selection Quote
5
Genshin murder mystery
6
Overwatch 2: Ultimate Ability Icons
7
Franchise by Action Figure
8
Legendary or Exotic?
9
Genshin Impact Logic Puzzle
10
Genshin Impact Logic Puzzle Quiz
Explore More
Trending Topics
Marvel
NBA
Kpop
Anime
Crossword
Harry Potter
Disney
Puzzle
Soccer
Pokémon
NFL
WWE
The Office
Country
Song
hide this ad
More By:
nebzinger
Quiz
Plays
Rating
Category
Featured
Created
Pokemon TM/HM Moves
802
3.33
Gaming
Jan 30, 2011
Go to Creator's Profile
Score Distribution
Quiz Creator Spotlight
nebzinger
Follow
Send a Message
Quizzes Created
-
Created Quiz Play Count
-
More By This Creator
Popular Quizzes Today
1
Find the US States - No Outlines Minefield
2
Find the Countries of Europe - No Outlines Minefield
3
The Countries of the World
4
Popular People in 1961
5
1-10 Letter E Words III
6
Find the US States
7
One Thing in Common: World Cities II
8
US States
More Gaming Quizzes
Animal Crossing Games
Quiz Lab
Trending Quizzes
Risky Map Clicking: Least Populous States A-Z
1-10 Letter F Words
1-10 Letter G Words
One Thing in Common: United Kingdom
Risky Map Clicking: Next State Alphabetically
Recently Updated
Leaping Animals
pecheneg
Reality TV Shows (A-Z)
bhenderson79
Rickey Henderson's Hall of Fame Teammates
pecheneg
Champions League XIs: Arsenal
pecheneg
Quick Pick: Celebrities in WWE's Hall of Fame
aduchscher
A-Z Keypad Blitz II
pecheneg
Multiple Oscar Actors
pecheneg
Mystery Phrase Blitz: Oscar 'Best Actors'
pecheneg
F. Scott Fitzgerald Novels
LTH
Pick 3 Villains
ddd62291
Trending Topics
Kpop
Disney
NBA
Anime
Crossword
Harry Potter
Marvel
Country
NFL
Song
Soccer
The Office
WWE
Puzzle
Pokémon
Your Account Isn't Verified!
In order to create a playlist on Sporcle, you need to verify the email address you used during registration. Go to your
Sporcle Settings
to finish the process.
Report this User
Report this user for behavior that violates our
Community Guidelines
.
Details:
Send Report
Go to the Sporcle.com Mobile Site →
Comments